00497nam a22001817a 450000500170000001000120001702000260002903700110005508200110006624500380007725000060011526000440012127000560016530000200022150000330024194200220027499900190029620260226152209.0 aBACEN26 a9789348093158c820.00 bVrinda a00028 aPinnacle SSC Maths 6800+ ebp MCQ/ a8 aNew Delhi bPinnacle Publicationsc2025 a24/4806, Mathur Lane Daryaganj bNew Delhi e110002 a628p.c27cm(Pb) aChapter Wise English Medium  2ddccENmPINh000 c214918d214918